00362 a2200109 4500001001000000005001700010008004100027245007100068100002600139700002900165773005800194ART_4338220260410161659.0260409a 10aLas rectificativas en menos. El error de cálculo en el siglo XXI1 aCoronello, Silvina E.1 aIglesias Araujo, Fabiana0 tPráctica profesionalg- Nº 279 (feb. 2017)wREV542